|
|
|
|
| LEADER |
01016pam a22002898a 4500 |
| 001 |
00024334 |
| 005 |
20171026081023.0 |
| 008 |
110717s2007 ||||||engsd |
| 020 |
# |
# |
|a 978 007 125845 6
|
| 041 |
0 |
# |
|a eng
|
| 082 |
1 |
4 |
|a 428
|b M400S
|
| 100 |
1 |
# |
|a Blass, Laurie
|
| 245 |
1 |
0 |
|a Mosaic 1
|b writing : paragraph review and essay development
|c Laurie Blass, Meredith Pike-Baky
|
| 250 |
# |
# |
|a silver ed.
|
| 260 |
# |
# |
|a New York
|b McGraw-Hill Contemporary
|c 2007
|
| 300 |
# |
# |
|a xix, 220 p.
|b ill.
|c 26 cm.
|
| 504 |
# |
# |
|a includes index
|
| 650 |
# |
4 |
|a Tiếng anh
|
| 650 |
# |
4 |
|a Viết bài luận
|
| 650 |
# |
4 |
|a bài tập
|
| 700 |
1 |
# |
|a Pike-Baky, Meredith
|
| 852 |
# |
# |
|b Kho giáo trình
|j KGT.0027655, KGT.0027656, KGT.0027657
|
| 852 |
# |
# |
|b Kho mượn
|j KGT.0027655
|
| 852 |
# |
# |
|b Kho đọc
|j KD.0009912
|
| 852 |
# |
# |
|j KD.0009912
|j KGT.0027655
|j KGT.0027656
|j KGT.0049014
|j KGT.0027657
|
| 910 |
0 |
# |
|a ntuyet
|d 17/07/2011
|
| 980 |
# |
# |
|a Trung tâm Học liệu Lê Vũ Hùng, Trường Đại học Đồng Tháp
|